[Event "Women's Speed Chess Q5"]
[Site "chess.com INT"]
[Date "2020.06.22"]
[Round "5"]
[White "Gevorgyan, Maria"]
[Black "Gunina, Valentina"]
[Result "1-0"]
[WhiteTitle "WGM"]
[BlackTitle "GM"]
[WhiteElo "2228"]
[BlackElo "2431"]
[WhiteFideId "13300270"]
[BlackFideId "4167570"]
[EventDate "2020.06.22"]

1. e4 c6 2. d4 d5 3. e5 Bf5 4. h4 a6 5. g4 Bd7 6. h5 c5 7. c3 Nc6 8. f4 e6 9.
Nf3 Qb6 10. Kf2 f6 11. Kg3 O-O-O 12. a3 Nh6 13. Rh2 cxd4 14. cxd4 Be7 15. b4 g6
16. Nc3 f5 17. g5 Ng4 18. Rc2 h6 19. b5 axb5 20. Rb1 b4 21. axb4 Kb8 22. b5 Nb4
23. Rcb2 Rc8 24. Bd2 hxg5 25. Rxb4 gxf4+ 26. Kg2 Rxc3 27. Ra4 gxh5 28. Rba1 Kc7
29. Rc1 Rxc1 30. Qxc1+ Kb8 31. Ba5 Ne3+ 32. Kh1 Rc8 33. Qxc8+ Kxc8 34. Bxb6 Kb8
35. Be2 Ng4 36. Ba7+ Kc7 37. Bc5 Bxc5 38. dxc5 Ne3 39. b6+ Kc6 40. Ra5 d4 41.
Nxd4+ Kd5 42. Nf3 Bc6 43. Kh2 Ng4+ 44. Kh3 Ke4 45. Ng5+ Ke3 46. Bc4 f3 47. Bxe6
f2 48. Bc4 Bd5 49. Ra3+ Kf4 50. Bf1 Kxg5 51. Rd3 Bc6 52. e6 Kf6 53. Rd2 Ne3 54.
Be2 Kxe6 55. Kh4 f1=Q 56. Bxf1 Nxf1 57. Rd6+ Ke7 58. Rxc6 Ne3 59. Rc7+ Ke6 60.
Rxb7 Nc4 61. Rc7 Na5 62. b7 1-0

[Event "Women's Speed Chess Q5"]
[Site "chess.com INT"]
[Date "2020.06.22"]
[Round "5"]
[White "Antolak, Julia"]
[Black "Fataliyeva, Ulviyya"]
[Result "1-0"]
[WhiteTitle "WIM"]
[BlackTitle "WGM"]
[WhiteElo "2323"]
[BlackElo "2301"]
[WhiteFideId "1159569"]
[BlackFideId "13403052"]
[EventDate "2020.06.22"]

1. e4 e6 2. d4 d5 3. Nd2 a6 4. Ngf3 c5 5. exd5 exd5 6. Be2 Nf6 7. O-O Be7 8.
dxc5 Bxc5 9. Nb3 Bb6 10. c3 O-O 11. Bg5 Re8 12. Nfd4 h6 13. Bh4 Nc6 14. Bf3 g5
15. Bg3 Ne5 16. Re1 Nxf3+ 17. Qxf3 Ne4 18. Rad1 Bd7 19. Nf5 Qf6 20. Nbd4 Rad8
21. Ne3 Qxf3 22. Nxf3 Bc6 23. Nf5 Kh7 24. N3d4 Bd7 25. Ne3 Be6 26. f3 Nxg3 27.
hxg3 f5 28. Kf2 Kg6 29. Nec2 Bd7 30. Rxe8 Rxe8 31. Re1 Rxe1 32. Kxe1 Bc7 33. Kf2
h5 34. Nb4 Bb6 35. Nxd5 Bxd4+ 36. cxd4 Be6 37. Nc3 f4 38. gxf4 gxf4 39. d5 Bf7
40. Ke2 Kf6 41. Kd3 Ke5 42. Kc4 b6 43. a4 h4 44. a5 bxa5 45. Kc5 Be8 46. Ne4 Bd7
47. Ng5 Kf6 48. Kd6 Bf5 49. Ne6 h3 50. gxh3 Bxh3 51. Nd4 Bc8 52. Kc7 Bh3 53. d6
Ke5 54. Nc6+ Kd5 55. d7 Bxd7 56. Kxd7 Kc4 57. Nxa5+ Kb4 58. Nc6+ Kb3 59. Ke6
Kxb2 60. Kf5 Kc3 61. Kxf4 Kc4 62. Ke5 Kb5 63. Kd6 a5 64. Nxa5 Kxa5 65. f4 Kb5
66. f5 Kc4 67. f6 Kb5 68. f7 1-0

[Event "Women's Speed Chess Q5"]
[Site "chess.com INT"]
[Date "2020.06.22"]
[Round "5"]
[White "Smirnova, Ekaterina"]
[Black "Vanhuyse, Nele"]
[Result "1/2-1/2"]
[WhiteTitle "WIM"]
[BlackTitle "WFM"]
[WhiteElo "2278"]
[BlackElo "1928"]
[WhiteFideId "4110943"]
[BlackFideId "228818"]
[EventDate "2020.06.22"]

1. d4 Nf6 2. c4 g6 3. Nc3 Bg7 4. e4 d6 5. Be2 Nc6 6. Nf3 O-O 7. O-O e5 8. d5 Ne7
9. b4 b6 10. c5 a5 11. cxd6 cxd6 12. bxa5 bxa5 13. Ba3 Ne8 14. Nd2 f5 15. Rb1 f4
16. Bg4 Bxg4 17. Qxg4 h5 18. Qe6+ Kh7 19. Rb7 Ng8 20. Rfb1 Rf6 21. Qd7 Qc8 22.
Qxc8 Rxc8 23. Nb5 Rc2 24. Nf3 Kh6 25. Rb8 Rf8 26. h4 Rxa2 27. Ng5 Ngf6 28. Ne6
Rf7 29. Nxd6 Nxd6 30. Bxd6 Nxe4 31. Nxg7 Nxd6 32. Ne6 Ne4 33. f3 Ng3 34. Ng5 Kg7
35. Nxf7 Kxf7 36. d6 Rd2 37. R8b7+ Ke6 38. d7 Nf5 39. R1b6+ Ke7 40. Kh2 Rxd7 41.
Rxd7+ Kxd7 42. Rxg6 a4 43. Ra6 Ne3 44. Rxa4 Ke6 45. Ra6+ Kf5 46. Rh6 Nf1+ 47.
Kh3 Ng3 48. Ra6 e4 49. Ra5+ Ke6 50. fxe4 Nxe4 51. Rxh5 Ng3 52. Rg5 Ne4 53. Rg6+
Kf5 54. Ra6 Nf2+ 55. Kh2 Ng4+ 56. Kg1 Ne3 57. Kf2 Kg4 58. Ra4 Nd1+ 59. Ke1 Nc3
60. Rc4 Nd5 61. Rd4 Ne3 62. h5 Nc2+ 63. Kf2 Kxh5 64. Rxf4 Na3 65. Rc4 Nxc4 66.
Kf3 Ne5+ 67. Ke4 Ng6 68. g4+ Kg5 69. Ke3 Kxg4 1/2-1/2

[Event "Women's Speed Chess Q5"]
[Site "chess.com INT"]
[Date "2020.06.22"]
[Round "5"]
[White "Gokbulut, Julia"]
[Black "Miroshnik, Ekaterina"]
[Result "1-0"]
[WhiteTitle "WFM"]
[BlackTitle "WFM"]
[WhiteElo "1970"]
[BlackElo "2139"]
[WhiteFideId "4153979"]
[BlackFideId "34127698"]
[EventDate "2020.06.22"]

1. d4 d6 2. c4 Nd7 3. Nc3 Ngf6 4. e4 e5 5. d5 Be7 6. Be3 c6 7. Bd3 O-O 8. h3 a6
9. a4 cxd5 10. cxd5 Nc5 11. b4 Nxd3+ 12. Qxd3 Nd7 13. Nge2 Bg5 14. O-O Bxe3 15.
Qxe3 f5 16. exf5 Rxf5 17. Ne4 Nf8 18. N2g3 Rf4 19. a5 Bf5 20. Nxf5 Rxf5 21. Rac1
Ng6 22. Rc4 Nf4 23. Rfc1 Nxd5 24. Qd2 Nf6 25. Qxd6 Rf4 26. Qxe5 Rxe4 27. Rxe4
Nxe4 28. Qxe4 Qd7 29. Re1 Kh8 30. Qe7 Qb5 31. Qc5 Qd7 32. Re7 Qd1+ 33. Kh2 Rf8
34. Rxb7 Qd8 35. Qe7 Qxe7 36. Rxe7 Rb8 37. Ra7 h6 38. Rxa6 Rxb4 39. Rb6 Ra4 40.
Rb5 Kh7 41. f3 Ra2 42. Kg3 Kg6 43. h4 h5 44. Rb6+ Kh7 45. a6 Ra4 46. f4 Ra3+ 47.
Kh2 Ra2 48. Kh3 Ra1 49. g3 Ra3 50. f5 Ra4 51. Kg2 Ra3 52. Kf2 Ra2+ 53. Kf3 Ra3+
54. Kf4 Ra4+ 55. Ke5 Ra3 56. Kd6 Rxg3 57. a7 Ra3 58. Rb7 Ra5 59. f6 Ra6+ 60. Ke7
gxf6 61. Kd8+ Kg6 62. Kc8 Ra2 63. Kb8 Kf5 64. a8=Q Rxa8+ 65. Kxa8 Kg4 66. Rb4+
Kg3 67. Kb7 f5 68. Kc6 f4 69. Kd5 f3 70. Ke4 f2 71. Rb1 Kg2 72. Kf5 f1=Q+ 73.
Rxf1 Kxf1 74. Kg5 Kf2 75. Kxh5 Kf3 76. Kg5 1-0

[Event "Women's Speed Chess Q5"]
[Site "chess.com INT"]
[Date "2020.06.22"]
[Round "5"]
[White "Sapale, Saloni"]
[Black "Tian, Shi Yuan"]
[Result "1-0"]
[WhiteTitle "WIM"]
[BlackTitle "WFM"]
[WhiteElo "2147"]
[BlackElo "1868"]
[WhiteFideId "5085527"]
[BlackFideId "2623960"]
[EventDate "2020.06.22"]

1. e4 c6 2. d4 d5 3. e5 Bf5 4. h4 h5 5. Bd3 Bxd3 6. Qxd3 e6 7. Bg5 Qb6 8. Nd2 c5
9. c4 Nc6 10. Ngf3 cxd4 11. cxd5 Nb4 12. Qe4 exd5 13. Qf5 Qa6 14. Nxd4 Bc5 15.
N2b3 Bxd4 16. Nxd4 Nh6 17. Qf3 Qc4 18. Rd1 Ng4 19. a3 Nc6 20. Nxc6 bxc6 21. Qf4
Qa6 22. f3 O-O 23. fxg4 Rfe8 24. Kf2 Qb6+ 25. Kg3 Qxb2 26. gxh5 Qxa3+ 27. Qf3
Qxf3+ 28. gxf3 Rxe5 29. Bf4 Re6 30. Rc1 Rae8 31. Rhd1 a5 32. Rc5 a4 33. Ra1 Re2
34. Rxa4 R2e6 35. Ra6 d4 36. Raxc6 d3 37. Rxe6 Rxe6 38. Rd5 Ra6 39. Rxd3 Ra1 40.
Rd8+ Kh7 41. Kg4 Rg1+ 42. Kf5 Rh1 43. Bg3 Rg1 44. Kg4 Rg2 45. Kh3 Rg1 46. Rd7 f6
47. Kg4 Rf1 48. Kf4 Ra1 49. Bf2 Ra4+ 50. Kg3 Ra5 51. Bb6 Rxh5 52. Kg4 Rb5 53.
Bd8 f5+ 54. Kg5 f4+ 55. Kxf4 Rb4+ 56. Kg3 Rb1 57. f4 Rg1+ 58. Kf3 Rf1+ 59. Kg4
Rg1+ 60. Kf5 Kh6 61. Bg5+ Kh5 62. Rd8 g6+ 63. Kf6 Kg4 64. Rh8 Rf1 65. Kxg6 Rf2
66. h5 Rh2 67. h6 Rh3 68. h7 Rh2 69. Rd8 Rg2 70. h8=Q Re2 71. Qh5+ Kg3 72. Qxe2
Kh3 73. Rh8+ Kg3 74. Qh2+ Kf3 75. Rh3+ Kg4 76. Qg3# 1-0

[Event "Women's Speed Chess Q5"]
[Site "chess.com INT"]
[Date "2020.06.22"]
[Round "5"]
[White "Linares Napoles, Oleiny"]
[Black "Stefanova, Antoaneta"]
[Result "0-1"]
[WhiteTitle "WGM"]
[BlackTitle "GM"]
[WhiteElo "2215"]
[BlackElo "2462"]
[WhiteFideId "3504794"]
[BlackFideId "2902257"]
[EventDate "2020.06.22"]

1. c4 c6 2. Nf3 d5 3. b3 Nf6 4. Bb2 Bf5 5. g3 e6 6. Bg2 h6 7. O-O Nbd7 8. a3 a5
9. Nc3 Be7 10. d3 O-O 11. Qc2 Bh7 12. Rad1 Qb6 13. Na4 Qc7 14. cxd5 exd5 15. Rc1
Rfe8 16. Rfe1 Bf8 17. Qb1 Rac8 18. Qa1 Qb8 19. Nc3 Qa7 20. h3 Nc5 21. Qa2 Qb6
22. Nd2 Nh5 23. d4 Ne6 24. e3 Bd3 25. Nf1 Qd8 26. Red1 Bh7 27. Ne2 Nf6 28. Bc3
Ra8 29. Qb2 Ne4 30. Be1 Nd6 31. Nc3 f5 32. Nd2 g5 33. Nf3 f4 34. exf4 gxf4 35.
Ne5 Bg7 36. Qd2 Rf8 37. Kh1 Ne4 38. Nxe4 dxe4 39. d5 cxd5 40. Qxd5 Qxd5 41. Rxd5
Rad8 42. Nd7 Rf7 43. Rcd1 Nd4 44. Nb6 Rxd5 45. Nxd5 fxg3 46. fxg3 Nxb3 47. Rb1
a4 48. Rd1 Be5 49. Kh2 Kg7 50. h4 Rd7 51. Bb4 b5 52. Ne3 Rxd1 53. Nxd1 Bd4 54.
Bh3 e3 55. Bg4 Bd3 56. Nc3 Nc1 57. Kg2 e2 58. Nd5 Na2 59. Be1 Be4+ 60. Bf3 Bd3
61. Nf4 Bc4 62. Bxe2 Bxe2 63. Nxe2 Bb2 64. Kf3 Bxa3 65. Nd4 b4 66. Nc6 b3 67.
Nd4 b2 68. Nb5 b1=Q 69. Nxa3 Qd3+ 70. Kg2 Qxa3 71. Bf2 Qb2 72. Kf3 Nb4 73. Be3
a3 74. h5 a2 75. g4 a1=Q 76. g5 Qf1+ 77. Ke4 Qbg2+ 78. Kd4 Qd3+ 79. Kc5 Qgd5+
80. Kb6 Qc6+ 81. Ka7 Qda6+ 82. Kb8 Qab7# 0-1

[Event "Women's Speed Chess Q5"]
[Site "chess.com INT"]
[Date "2020.06.22"]
[Round "5"]
[White "Khomeriki, Nino"]
[Black "Mohota, Nisha"]
[Result "1-0"]
[WhiteTitle "WGM"]
[BlackTitle "IM"]
[WhiteElo "2319"]
[BlackElo "2195"]
[WhiteFideId "13603191"]
[BlackFideId "5004330"]
[EventDate "2020.06.22"]

1. d4 Nf6 2. Nf3 d5 3. c4 e6 4. Nc3 Be7 5. Bg5 O-O 6. e3 h6 7. Bh4 b6 8. Bd3 Bb7
9. O-O dxc4 10. Bxc4 c5 11. Qe2 Nbd7 12. Rad1 cxd4 13. exd4 Rc8 14. Bd3 Qc7 15.
Bb1 a6 16. d5 e5 17. Qd3 Bd6 18. Rfe1 Rfe8 19. Ne4 Nxe4 20. Qxe4 Nf8 21. Bg3 Qd8
22. h3 b5 23. Nh4 g6 24. Qg4 Rc4 25. Re4 h5 26. Qe2 Rxe4 27. Bxe4 Qf6 28. Nf3
Nd7 29. Bb1 Nc5 30. b4 Nd7 31. Be4 Bxb4 32. Rc1 Bd6 33. Bh4 Qg7 34. Bg3 Nc5 35.
Nd2 Nd7 36. Kh1 f5 37. Bc2 f4 38. Bh2 Kh8 39. Ne4 Bb8 40. Bb3 Qe7 41. Rd1 Qg7
42. g3 g5 43. Qf1 f3 44. Qd3 Qg6 45. Qe3 Qf5 46. Nd2 e4 47. Qe1 Qxh3 48. Qf1 Qf5
49. Qg1 g4 50. Nf1 Bd6 51. Ne3 Qg5 52. Qe1 Ne5 53. Qc3 Kh7 54. Qc2 Nd3 55. Qc3
Nxf2+ 56. Kg1 Nxd1 57. Bxd1 Kh6 58. Bc2 Be5 59. Qd2 Rd8 60. Bxe4 Rc8 61. Nf5+ 1-0

[Event "Women's Speed Chess Q5"]
[Site "chess.com INT"]
[Date "2020.06.22"]
[Round "5"]
[White "Osmanodja, Filiz"]
[Black "Tsotsonava, Elene"]
[Result "1-0"]
[WhiteTitle "WGM"]
[BlackTitle "WFM"]
[WhiteElo "2293"]
[BlackElo "2012"]
[WhiteFideId "24633569"]
[BlackFideId "13615939"]
[EventDate "2020.06.22"]

1. e4 c6 2. d4 d5 3. Nc3 dxe4 4. Nxe4 Nf6 5. Nxf6+ exf6 6. Nf3 Bg4 7. a4 Bd6 8.
Be2 O-O 9. O-O Qc7 10. h3 Bh5 11. c4 Nd7 12. c5 Bf4 13. Ra3 f5 14. Nh4 Bxc1 15.
Bxh5 Bg5 16. Nxf5 g6 17. h4 Bf6 18. Qg4 Kh8 19. Nd6 gxh5 20. Qxh5 Bxd4 21. Nxf7+
Rxf7 22. Qxf7 Rf8 23. Qh5 Bxc5 24. Rd3 b6 25. a5 Nf6 26. Qe2 Nd5 27. Rf3 Nf4 28.
Qe4 Bd6 29. Rd1 Ng6 30. Qd4+ Be5 31. axb6 Bxd4 32. bxc7 Rxf3 33. c8=Q+ Rf8 34.
Qxc6 Bxf2+ 35. Kh1 Bxh4 36. Qc3+ Bf6 37. Qc5 Ne5 38. Rf1 Rf7 39. Qc8+ Kg7 40.
Qa6 Ng6 41. Qc4 Nh4 42. Qg4+ Ng6 43. b4 Rc7 44. Qf3 Be5 45. Qe4 Rc2 46. Re1 Rb2
47. Qb7+ Kh6 48. Qxa7 Kg5 49. Qe3+ Bf4 50. Qh3 Nh4 51. Rf1 Nxg2 52. Qxg2+ Rxg2
53. Kxg2 Bd2 54. Kf3 Bxb4 55. Rb1 Bd6 56. Rb5+ Kf6 57. Rb6 Ke6 58. Kg4 h6 59.
Kh5 Kd5 60. Kxh6 Kc5 61. Rb7 Kc6 62. Rf7 Kb6 63. Kg6 Kc6 64. Rf6 Kc7 65. Kf5 Kc6
66. Ke6 Bc5 67. Ke5+ Kb7 68. Kd5 Bb6 69. Rf7+ Ka8 70. Kc6 Ba7 71. Rf8+ Bb8 72.
Rc8 Ka7 73. Re8 Ka8 74. Re2 Ba7 75. Rb2 Bb8 76. Rb3 Ba7 77. Kc7 1-0

[Event "Women's Speed Chess Q5"]
[Site "chess.com INT"]
[Date "2020.06.22"]
[Round "5"]
[White "Potapova, Margarita"]
[Black "Mendoza, Shania Mae"]
[Result "1-0"]
[WhiteTitle "WIM"]
[BlackTitle "WFM"]
[WhiteElo "2270"]
[BlackElo "2158"]
[WhiteFideId "14126869"]
[BlackFideId "5211158"]
[EventDate "2020.06.22"]

1. d4 d6 2. e4 Nf6 3. Nc3 g6 4. Bg5 Bg7 5. e5 Nfd7 6. exd6 cxd6 7. Qd2 Nc6 8.
Nf3 Nf6 9. Be2 Bf5 10. O-O O-O 11. Rfe1 Rc8 12. Bh6 Nb4 13. Rac1 Nxc2 14. Rxc2
Bxh6 15. Qxh6 Bxc2 16. Ng5 d5 17. Bf3 e6 18. Re3 Qb6 19. Be2 Qxd4 20. Rf3 Bf5
21. h3 Qd2 22. g4 Rxc3 23. bxc3 Qxe2 24. gxf5 exf5 25. Re3 Qd1+ 26. Kg2 Qh5 27.
Qxh5 Nxh5 28. Re7 h6 29. Nf3 Rb8 30. Nd4 a5 31. Nf3 b5 32. Ne5 Rf8 33. Rb7 Nf4+
34. Kf3 Ne6 35. Rxb5 Rc8 36. Rxa5 Rxc3+ 37. Ke2 Rxh3 38. Ra8+ Kg7 39. a4 Ra3 40.
a5 Nd4+ 41. Kd1 Ra1+ 42. Kd2 Nb3+ 43. Kc2 Nd4+ 44. Kc3 Nb5+ 45. Kb4 Nc7 46. Ra7
Rb1+ 47. Kc5 Rc1+ 48. Kb6 Kf6 49. Nd7+ Ke6 50. Rxc7 Rb1+ 51. Ka7 Kd6 52. Rb7 Ra1
53. Nb6 d4 54. a6 d3 55. Rd7+ Kc6 56. Rxd3 Kb5 57. Rb3+ Kc6 58. Nc8 Kc7 59. Ne7
h5 60. Nd5+ Kc6 61. Nc3 h4 62. Rb6+ Kc7 63. Nb5+ Kc8 64. Rc6+ Kd7 65. Kb7 Rxa6
66. Rxa6 h3 67. Ra3 g5 68. Rxh3 Ke6 69. Rh5 f6 70. Nd4+ Ke5 71. Nf3+ Kf4 72. Nd4
g4 73. Rxf5+ Ke4 74. Rxf6 Kxd4 75. Rf4+ Ke5 76. Rxg4 Kf5 77. Rg3 Kf4 78. Kc6 Ke4
79. Kc5 Kf4 80. Kc4 Ke4 81. Kc3 Kf4 82. Kd2 Ke4 83. Ke2 Kf4 84. Ra3 Ke4 85. Ra4+
Kf5 86. Ke3 Ke5 87. f4+ Kf5 88. Ra5+ Kg4 89. Ke4 Kg3 90. f5 Kg4 91. f6 Kh4 92.
f7 Kh3 93. f8=Q Kg2 94. Rg5+ Kh3 95. Qh6# 1-0

[Event "Women's Speed Chess Q5"]
[Site "chess.com INT"]
[Date "2020.06.22"]
[Round "5"]
[White "Artemyeva, Olga"]
[Black "Kaya, Emel"]
[Result "1-0"]
[WhiteTitle "WFM"]
[BlackTitle "WCM"]
[WhiteElo "2069"]
[BlackElo "1912"]
[WhiteFideId "4138422"]
[BlackFideId "6306411"]
[EventDate "2020.06.22"]

1. e4 c5 2. Nf3 g6 3. d4 cxd4 4. Nxd4 Bg7 5. Be3 Nc6 6. Nc3 Nf6 7. Be2 O-O 8.
O-O d5 9. exd5 Nxd5 10. Nxd5 Qxd5 11. c3 Nxd4 12. Bxd4 Bxd4 13. Qxd4 Qxd4 14.
cxd4 Rd8 15. Rfd1 Be6 16. b3 Rac8 17. Bf3 Bd5 18. Be2 Rc2 19. Bd3 Rc3 20. Be2
Be4 21. Rd2 e5 22. Rad1 Rc2 23. Rxc2 Bxc2 24. Rc1 Be4 25. dxe5 Rd2 26. Bc4 Rxa2
27. Rd1 Kg7 28. f3 Bc6 29. Re1 b5 30. Bf1 Bd5 31. Bxb5 Bxb3 32. Rc1 Be6 33. Rc7
a5 34. Ra7 Kh6 35. Be8 Kg7 36. Bxf7 Bxf7 37. e6 a4 38. Rxf7+ Kg8 39. Ra7 Re2 40.
e7 Kf7 41. Kf1 Rxe7 42. Rxa4 Kf6 43. Kf2 h5 44. Kg3 Rc7 45. Ra5 Rc4 46. Kh3 g5
47. Ra6+ Kf5 48. Ra5+ Kf6 49. Rb5 Rd4 50. Rc5 Rb4 51. g3 Ra4 52. Rc6+ Kf5 53.
g4+ hxg4+ 54. fxg4+ Kf4 55. Rg6 Ra3+ 56. Kg2 Kxg4 57. Rf6 Ra2+ 58. Rf2 Ra3 59.
Kh1 Kh4 60. Kg2 g4 61. Re2 Rc3 62. Rd2 Re3 63. Rf2 g3 64. Rf4+ Kg5 65. hxg3 Re2+
66. Kh3 Rb2 67. Rg4+ Kh5 68. Re4 Rb1 69. Re5+ Kg6 70. Kh4 Rb4+ 71. g4 Rb1 72.
Re6+ Kf7 73. Rc6 Rb5 74. Ra6 Rb1 75. Kh5 Rh1+ 76. Kg5 Rb1 77. Ra7+ Kg8 78. Kh6
Rb6+ 79. Kh5 Rb2 80. g5 Rb6 81. g6 Rb2 82. Ra8+ Kg7 83. Ra7+ Kg8 84. Kg5 Rb5+
85. Kh6 Rb2 86. Ra8+ Rb8 87. Rxb8# 1-0

[Event "Women's Speed Chess Q5"]
[Site "chess.com INT"]
[Date "2020.06.22"]
[Round "5"]
[White "Maltsevskaya, Aleksandra"]
[Black "Danielian, Elina"]
[Result "0-1"]
[WhiteTitle "WGM"]
[BlackTitle "GM"]
[WhiteElo "2272"]
[BlackElo "2407"]
[WhiteFideId "24174041"]
[BlackFideId "13300210"]
[EventDate "2020.06.22"]

1. e4 d6 2. d4 Nf6 3. Bd3 e5 4. Nf3 Nbd7 5. c3 Be7 6. Kf1 O-O 7. Nbd2 Re8 8. g3
c6 9. Kg2 Qc7 10. Re1 a5 11. a4 Bf8 12. Qb3 h6 13. Nh4 d5 14. exd5 Nxd5 15. Ndf3
b6 16. dxe5 Nxe5 17. Nxe5 Rxe5 18. Bd2 Rxe1 19. Rxe1 Bb7 20. c4 Bb4 21. cxd5
Bxd2 22. Re2 Bg5 23. Nf5 cxd5 24. h4 Bf6 25. Bb1 h5 26. Qd3 g6 27. Nd4 Qc5 28.
Ne6 Qc4 29. Nf4 Qxd3 30. Bxd3 Rc8 31. Rc2 Rxc2 32. Bxc2 Bxb2 33. Kf1 Kg7 34. Nd3
Ba6 35. Ke1 Bc3+ 36. Ke2 Kf6 37. Ke3 Ke6 38. Nf4+ Kd6 39. Bb3 Bc4 40. Bc2 Bb4
41. f3 Bc5+ 42. Kd2 Bf2 43. g4 Bxh4 44. gxh5 gxh5 45. Nxh5 Bg5+ 46. f4 Be7 47.
Ke3 Kc5 48. Ng3 d4+ 49. Kd2 Kb4 50. Nf5 Bc5 51. Nh6 Bd6 52. Nf5 Bxf4+ 53. Kd1
Be5 54. Kd2 f6 55. Ne7 Kc5 56. Nf5 Be6 57. Bd3 Bc4 58. Bc2 Bf4+ 59. Kd1 Be3 60.
Ng3 Bd5 61. Bd3 Kb4 62. Bc2 Bb3 63. Ne4 Bxc2+ 64. Kxc2 Kxa4 65. Nxf6 Kb5 66. Nd5
Kc5 67. Nf6 b5 68. Kd3 a4 69. Ne4+ Kb4 70. Kc2 Kc4 71. Nd6+ Kc5 72. Ne4+ Kb4 73.
Nd6 a3 74. Ne4 Ka4 75. Nc5+ Kb4 76. Nd3+ Kc4 77. Ne5+ Kd5 78. Nd3 Ke4 79. Nb4
Bf2 80. Kd2 Be3+ 81. Kc2 Bh6 82. Kb3 Bf8 83. Nc2 d3 84. Nxa3 Bxa3 85. Kc3 Ke3
86. Kb3 d2 87. Ka2 Ke2 88. Kxa3 d1=Q 89. Kb2 Qd7 90. Kb3 Qc6 91. Kb4 Qc4+ 92.
Ka3 b4+ 93. Kb2 b3 94. Kb1 Qc2+ 0-1

[Event "Women's Speed Chess Q5"]
[Site "chess.com INT"]
[Date "2020.06.22"]
[Round "5"]
[White "Belenkaya, Dina"]
[Black "Bodnaruk, Anastasia"]
[Result "1-0"]
[WhiteTitle "WGM"]
[BlackTitle "IM"]
[WhiteElo "2297"]
[BlackElo "2411"]
[WhiteFideId "24142654"]
[BlackFideId "4181751"]
[EventDate "2020.06.22"]

1. e4 c5 2. Nc3 d6 3. g3 Nc6 4. Bg2 g6 5. d3 Bg7 6. Nge2 e6 7. Be3 Nd4 8. Qd2
Ne7 9. Nc1 O-O 10. Nd1 Rb8 11. c3 Ndc6 12. Bh6 d5 13. Qg5 b5 14. O-O b4 15. Ne3
bxc3 16. Bxg7 Kxg7 17. bxc3 f6 18. Qh4 d4 19. cxd4 Nxd4 20. e5 f5 21. Nb3 Ne2+
22. Kh1 f4 23. Ng4 h5 24. Nf6 Qxd3 25. Nxh5+ gxh5 26. Qxe7+ Rf7 27. Qg5+ Qg6 28.
Qxg6+ Kxg6 29. Nxc5 Rb5 30. Be4+ Kg7 31. Nd3 Nc3 32. Bf3 fxg3 33. fxg3 Rxf3 34.
Rxf3 Bb7 35. Kg2 Ne2 36. Kf2 Bxf3 37. Kxf3 Nd4+ 38. Ke4 Nc6 39. Rc1 Nb4 40. Rc7+
Kh6 41. Rxa7 Nxd3 42. Kxd3 Rxe5 43. a4 Re1 44. a5 Rh1 45. a6 Rxh2 46. Re7 Ra2
47. Rxe6+ Kg5 48. Kc4 Kg4 49. Rg6+ Kh3 50. Kb5 Ra3 51. Kb6 Rb3+ 52. Kc7 Rc3+ 53.
Kb7 Rb3+ 54. Rb6 Ra3 55. Rg6 Rb3+ 56. Ka8 Ra3 57. a7 Rb3 58. Rg7 Rb2 59. Rg5 h4
60. gxh4 Kxh4 61. Rg7 Kh5 62. Rb7 Rf2 63. Kb8 Rf8+ 64. Kc7 Ra8 65. Kb6 Kg6 66.
Rb8 Rxa7 67. Kxa7 Kf6 68. Kb6 Ke5 69. Kb7 Kd6 70. Ra8 Kc5 71. Ra1 Kd5 72. Kc7
Kc5 73. Rc1+ Kd5 74. Kd7 Ke5 75. Kc6 Ke6 76. Kc5 Ke5 77. Rd1 Ke4 78. Kc4 Ke5 79.
Rd5+ Ke4 80. Rd8 Ke5 81. Kc5 Ke4 82. Rd5 Kf4 83. Kd4 Kf3 84. Re5 Kf4 85. Re1 Kf5
86. Rf1+ Ke6 87. Ke4 Kd6 88. Rf5 Ke6 89. Rh5 Kd6 90. Rh6+ Kc5 91. Rg6 Kc4 92.
Rg5 Kc3 93. Rd5 Kc4 94. Rd4+ Kc5 95. Ke5 Kc6 96. Rd5 Kb6 97. Kd6 Kb7 98. Rc5 Kb6
99. Rd5 Kb7 100. Rb5+ Kc8 101. Kc6 Kd8 102. Re5 Kc8 103. Re8# 1-0

[Event "Women's Speed Chess Q5"]
[Site "chess.com INT"]
[Date "2020.06.22"]
[Round "5"]
[White "Berdychevskaya, Natasha"]
[Black "Vifleemskaia, Svetlana"]
[Result "1-0"]
[WhiteTitle "WFM"]
[BlackTitle "WFM"]
[WhiteElo "2208"]
[BlackElo "1943"]
[WhiteFideId "4159322"]
[BlackFideId "4129490"]
[EventDate "2020.06.22"]

1. e4 e5 2. Nf3 Nc6 3. Bb5 a6 4. Ba4 Nf6 5. O-O Be7 6. Re1 b5 7. Bb3 d6 8. c3
O-O 9. h3 Na5 10. Bc2 c5 11. d4 cxd4 12. cxd4 exd4 13. Nxd4 Bb7 14. Nd2 Re8 15.
Nf5 Bf8 16. f3 Rc8 17. Nf1 Qc7 18. Bd3 Nc4 19. N1g3 Ne5 20. Bf1 h6 21. Bd2 Qc2
22. Bc3 Qxd1 23. Rexd1 Red8 24. Ba5 Rd7 25. Rac1 Rxc1 26. Rxc1 d5 27. exd5 Bxd5
28. Rc7 Rxc7 29. Bxc7 Nc4 30. b3 Bc5+ 31. Kh2 Ne3 32. Bd3 Nxf5 33. Nxf5 Kf8 34.
Bd8 Nd7 35. Kg3 Ne5 36. Bc2 Ke8 37. Ba5 Kf8 38. Bc7 Nc6 39. Bd6+ Bxd6+ 40. Nxd6
Ke7 41. Nc8+ Kd8 42. Nd6 Be6 43. Ne4 Nb4 44. Bb1 Kc7 45. Nc5 Kb6 46. Nxe6 fxe6
47. Kf4 Kc6 48. Ke5 Kd7 49. a3 Nc6+ 50. Ke4 Kd6 51. Bc2 a5 52. Bd3 b4 53. a4 Ne5
54. Bc2 g5 55. g3 Ng6 56. Kd4 Ne5 57. Be4 Nd7 58. Kc4 Nb6+ 59. Kb5 Nd5 60. Kxa5
Ke5 61. Kb5 Kd4 62. a5 Nc3+ 63. Kb6 Nxe4 64. fxe4 Kc3 65. a6 Kxb3 66. a7 Kc2 67.
a8=Q b3 68. Qa4 Kc3 69. Qa3 Kc2 70. Qc5+ Kd2 71. Qb4+ Kc2 72. Kc6 b2 73. Kd6
b1=Q 74. Qxb1+ Kxb1 75. Kxe6 Kc2 76. Kf7 Kd3 77. e5 Ke4 78. e6 Kf3 79. e7 Kxg3
80. e8=Q Kxh3 81. Qe3+ Kh4 82. Kg6 g4 83. Qf4 Kh3 84. Kxh6 g3 85. Kg5 g2 86.
Qg4+ Kh2 87. Qh4+ Kg1 88. Kg4 Kf1 89. Qh3 Kf2 90. Qf3+ Kg1 91. Kg3 Kh1 92. Qxg2# 1-0

[Event "Women's Speed Chess Q5"]
[Site "chess.com INT"]
[Date "2020.06.22"]
[Round "6"]
[White "Vifleemskaia, Svetlana"]
[Black "Mikheeva, Galina"]
[Result "1-0"]
[WhiteTitle "WFM"]
[BlackTitle "WFM"]
[WhiteElo "1943"]
[BlackElo "1901"]
[WhiteFideId "4129490"]
[BlackFideId "44108320"]
[EventDate "2020.06.22"]

1. d4 Nf6 2. c4 e6 3. Nc3 d5 4. cxd5 exd5 5. Bg5 Nbd7 6. e3 c6 7. Bd3 Be7 8.
Nge2 O-O 9. f3 Re8 10. Bh4 Nf8 11. Bf2 Ng6 12. O-O Bd6 13. Kh1 Qc7 14. Bg1 Bd7
15. Rc1 a6 16. e4 dxe4 17. fxe4 Ng4 18. e5 Be7 19. Ng3 Bg5 20. Rc2 Be3 21. Nd5
Qb6 22. Nxe3 Nxe3 23. Bxe3 1-0

[Event "Women's Speed Chess Q5"]
[Site "chess.com INT"]
[Date "2020.06.22"]
[Round "6"]
[White "Nandhidhaa, P V"]
[Black "Golubenko, Valentina"]
[Result "1-0"]
[WhiteTitle "WGM"]
[BlackTitle "WGM"]
[WhiteElo "2365"]
[BlackElo "2209"]
[WhiteFideId "5050847"]
[BlackFideId "4501993"]
[EventDate "2020.06.22"]

1. e4 e6 2. d4 d5 3. Nc3 Be7 4. e5 c5 5. Nf3 cxd4 6. Nxd4 Nc6 7. f4 f6 8. Bb5
Bd7 9. Bxc6 bxc6 10. O-O c5 11. Nxe6 Bxe6 12. f5 Bc8 13. e6 d4 14. Qh5+ g6 15.
fxg6 Bxe6 16. g7+ Bf7 17. gxh8=Q Bxh5 18. Qxg8+ Kd7 19. Qd5+ Kc7 20. Bf4+ Kb6
21. Na4+ Ka5 22. Qxh5 Kxa4 23. Qe2 Rb8 24. Qa6+ Kb4 25. Bd2# 1-0

[Event "Women's Speed Chess Q5"]
[Site "chess.com INT"]
[Date "2020.06.22"]
[Round "6"]
[White "Zavivaeva, Emilia"]
[Black "Vidyarthi, Omya"]
[Result "0-1"]
[WhiteTitle "WCM"]
[BlackTitle "WCM"]
[WhiteElo "1735"]
[BlackElo "1709"]
[WhiteFideId "34127531"]
[BlackFideId "30931665"]
[EventDate "2020.06.22"]

1. e4 e5 2. Nf3 Nc6 3. Nc3 Nf6 4. d4 exd4 5. Nxd4 Bb4 6. Nxc6 bxc6 7. Bd3 d5 8.
exd5 cxd5 9. O-O O-O 10. Bg5 c6 11. Qf3 Be7 12. Rfe1 Be6 13. Ne2 Qd7 14. Nd4 c5
15. Bb5 Qd6 16. Bf4 Qb6 17. Nxe6 fxe6 18. Bd3 c4 19. Bf1 Bc5 20. Qg3 Nh5 21. Bc7
Bxf2+ 22. Kh1 Nxg3+ 23. hxg3 Qxc7 0-1